[Event "Bayern-ch Seniors 24nd"]
[Site "Bergen"]
[Date "2012.06.19"]
[Round "4"]
[White "Roeckl, Adelbert"]
[Black "Gerdes, Hans"]
[Result "0-1"]
[WhiteElo "1511"]
[BlackElo "1632"]
[PlyCount "78"]
[EventDate "2012.06.16"]
[EventType "swiss"]
[EventRounds "9"]
[EventCountry "GER"]
[SourceTitle "EXT 2015"]
[Source "ChessBase"]
[SourceDate "2014.11.20"]
[SourceVersion "1"]
[SourceVersionDate "2014.11.20"]
[SourceQuality "1"]

1. d4 d5 2. Nf3 e6 3. e3 f5 4. Bd3 Nf6 5. 0-0 Bd6 6. b3 0-0 7. Ba3 Nc6 8. Bxd6 Qxd6 9. a3 Bd7 10. Nbd2 a6 11. b4 Ne4 12. c4 Na7 13. c5 Qe7 14. Ne5 Bb5 15. Nxe4 dxe4 16. Bxb5 Nxb5 17. Qb3 c6 18. a4 Nc7 19. a5 Nd5 20. Rab1 Rad8 21. Nc4 g5 22. f3 exf3 23. Rxf3 g4 24. Rff1 Qg5 25. Rbe1 h5 26. e4 Nf4 27. exf5 Rxf5 28. Nd6 Rf6 29. Ne4 Nh3+ 30. Kh1 Rxf1+ 31. Rxf1 Qg6 32. Qd3 Ng5 33. Nf6+ Kg7 34. Qe3 Rf8 35. h4 Rxf6 36. Rxf6 Qxf6 37. hxg5 Qf5 38. Kh2 h4 39. Qc3 g3+ 0-1

[Event "Bayern-ch Seniors 24nd"]
[Site "Bergen"]
[Date "2012.06.17"]
[Round "2"]
[White "Gerdes, Hans"]
[Black "Nieswandt, Joseph"]
[Result "1-0"]
[WhiteElo "1632"]
[BlackElo "1431"]
[PlyCount "87"]
[EventDate "2012.06.16"]
[EventType "swiss"]
[EventRounds "9"]
[EventCountry "GER"]
[SourceTitle "EXT 2015"]
[Source "ChessBase"]
[SourceDate "2014.11.20"]
[SourceVersion "1"]
[SourceVersionDate "2014.11.20"]
[SourceQuality "1"]

1. e4 d5 2. e5 Bf5 3. d4 e6 4. Nf3 h6 5. Nbd2 Nd7 6. Nb3 c5 7. dxc5 Bxc5 8. Nxc5 Nxc5 9. Bb5+ Nd7 10. c3 a6 11. Ba4 b5 12. Bc2 Be4 13. Be3 Ne7 14. 0-0 0-0 15. Bd4 Nf5 16. Bxe4 dxe4 17. Nd2 Qh4 18. Re1 e3 19. fxe3 Qg5 20. Nf3 Qg4 21. Qe2 Rac8 22. Rad1 Nc5 23. e4 Ne7 24. Bxc5 Rxc5 25. Rd6 Rc6 26. Red1 Rfc8 27. Qe3 Ng6 28. h3 Qf4 29. Qxf4 Nxf4 30. Kf2 a5 31. Rd8+ Kh7 32. Rxc8 Rxc8 33. Rd7 Rc4 34. Nd4 Nd3+ 35. Ke2 Nxe5 36. Rb7 b4 37. Rb5 Ng6 38. Kd3 Nf4+ 39. Kxc4 Nxg2 40. cxb4 Ne3+ 41. Kd3 Nd1 42. bxa5 Nf2+ 43. Ke3 Nxh3 44. a6 1-0

[Event "Bayern-ch Seniors 23rd"]
[Site "Bergen"]
[Date "2011.06.05"]
[Round "9"]
[White "Gerdes, Hans"]
[Black "Erdmann, Wolfgang"]
[Result "1-0"]
[WhiteElo "1625"]
[BlackElo "1496"]
[PlyCount "133"]
[EventDate "2011.05.28"]
[EventType "swiss"]
[EventRounds "9"]
[EventCountry "GER"]
[SourceTitle "EXT 2012"]
[Source "ChessBase"]
[SourceDate "2011.11.24"]
[SourceVersion "1"]
[SourceVersionDate "2011.11.24"]
[SourceQuality "1"]

1. e4 d6 2. d4 Nf6 3. Nc3 g6 4. f4 e6 5. Nf3 c6 6. Be2 Bg7 7. 0-0 Nbd7 8. h3 b5 9. a3 h5 10. Be3 Bb7 11. Qd2 a5 12. e5 dxe5 13. dxe5 Nd5 14. Ne4 Bf8 15. Bf2 a4 16. Bh4 Qb6+ 17. Bf2 Qc7 18. c4 bxc4 19. Bxc4 Be7 20. Rac1 Qa5 21. g3 Qxd2 22. Nfxd2 0-0 23. Nf3 Kg7 24. Neg5 Rab8 25. Rfd1 Rfc8 26. Rc2 Ra8 27. h4 Rab8 28. Rdc1 Rc7 29. Nd4 Rcc8 30. Bd3 c5 31. Nb5 Ba6 32. Bxg6 Bxb5 33. Bxh5 Bd3 34. Rd2 Bg6 35. Be2 N7b6 36. h5 Bh7 37. Ba6 Rc7 38. h6+ Kxh6 39. Nxf7+ Kg7 40. Ng5 Ra8 41. Be2 Bg8 42. Kg2 Nd7 43. Bg4 Nf8 44. Bxe6 Nxe6 45. Nxe6+ Bxe6 46. f5 Bg5 47. Rcd1 Bxd2 48. Rxd2 Bg8 49. e6 Kf6 50. g4 Ne7 51. Bh4+ Kg7 52. f6+ Kg6 53. fxe7 Rcc8 54. Rd6 Re8 55. Kf3 Rab8 56. Ke4 Rxb2 57. Rd8 Rb8 58. Kd5 Rexd8+ 59. exd8Q Rxd8+ 60. Bxd8 c4 61. Kd6 c3 62. Ba5 c2 63. Bd2 Kf6 64. e7 Bf7 65. Kd7 Kg6 66. e8Q Bxe8+ 67. Kxe8 1-0

[Event "Bayern-ch Seniors 23rd"]
[Site "Bergen"]
[Date "2011.05.31"]
[Round "4"]
[White "Steckel, Werner"]
[Black "Gerdes, Hans"]
[Result "0-1"]
[WhiteElo "1254"]
[BlackElo "1625"]
[PlyCount "44"]
[EventDate "2011.05.28"]
[EventType "swiss"]
[EventRounds "9"]
[EventCountry "GER"]
[SourceTitle "EXT 2012"]
[Source "ChessBase"]
[SourceDate "2011.11.24"]
[SourceVersion "1"]
[SourceVersionDate "2011.11.24"]
[SourceQuality "1"]

1. d4 f5 2. Nc3 Nf6 3. Bg5 e6 4. Nf3 Be7 5. e3 d6 6. Bd3 Nbd7 7. e4 fxe4 8. Nxe4 0-0 9. Qe2 g6 10. Bh6 Re8 11. Nfg5 Nf8 12. 0-0-0 Ng4 13. Bxf8 Bxg5+ 14. Nd2 Nf6 15. h4 Bxd2+ 16. Qxd2 Rxf8 17. f3 Qe7 18. Rde1 Bd7 19. g4 Qg7 20. h5 gxh5 21. gxh5 Kh8 22. Reg1 Qe7 0-1

[Event "Bayern-ch Seniors 22nd"]
[Site "Bergen"]
[Date "2010.06.12"]
[Round "1"]
[White "Gerdes, Hans"]
[Black "Schoeffer, Juergen"]
[Result "1-0"]
[WhiteElo "1675"]
[BlackElo "1254"]
[PlyCount "37"]
[EventDate "2010.06.12"]
[EventType "swiss"]
[EventRounds "9"]
[EventCountry "GER"]
[SourceTitle "EXT 2011"]
[Source "ChessBase"]
[SourceDate "2010.11.26"]
[SourceVersion "1"]
[SourceVersionDate "2010.11.26"]
[SourceQuality "1"]

1. e4 e5 2. Nf3 Nc6 3. Bc4 Bc5 4. Nc3 Nf6 5. Qe2 a6 6. Bxf7+ Ke7 7. Bb3 b5 8. d3 h6 9. a4 Nd4 10. Nxd4 Bxd4 11. Nd5+ Nxd5 12. exd5 Kd6 13. Bd2 c5 14. c3 c4 15. cxd4 Qf6 16. dxe5+ Qxe5 17. Bb4+ Kxd5 18. dxc4+ bxc4 19. Bxc4+ 1-0

[Event "Bayern-ch Seniors 21st"]
[Site "Bergen"]
[Date "2009.06.20"]
[Round "1"]
[White "Gerdes, Hans"]
[Black "Kunert, Helmut"]
[Result "0-1"]
[WhiteElo "1711"]
[BlackElo "1500"]
[PlyCount "58"]
[EventDate "2009.06.20"]
[EventType "swiss"]
[EventRounds "9"]
[EventCountry "GER"]
[SourceTitle "EXT 2015"]
[Source "ChessBase"]
[SourceDate "2014.11.20"]
[SourceVersion "1"]
[SourceVersionDate "2014.11.20"]
[SourceQuality "1"]

1. e4 c5 2. Nf3 Nc6 3. d4 cxd4 4. Nxd4 e5 5. Nf5 d5 6. Ng3 Nf6 7. Bg5 Qa5+ 8. Bd2 Qb6 9. Bd3 Be6 10. 0-0 Qxb2 11. Nc3 Qb6 12. Rb1 Qc7 13. exd5 Nxd5 14. Nb5 Qd7 15. c4 Ndb4 16. Bxb4 Bxb4 17. Qb3 a6 18. Na3 0-0 19. Rfd1 Qe7 20. Nc2 a5 21. a3 a4 22. Qb2 Bc5 23. Qxb7 Qxb7 24. Rxb7 Rfd8 25. Rbb1 Nd4 26. Nxd4 Bxd4 27. Ne2 Rd7 28. Ra1 Rad8 29. Bc2 Bxa1 0-1

[Event "Bayern-ch Seniors 20th"]
[Site "Bergen"]
[Date "2008.06.13"]
[Round "7.26"]
[White "Gerdes, Hans"]
[Black "Maier, Alois"]
[Result "1-0"]
[WhiteElo "1744"]
[BlackElo "1642"]
[PlyCount "55"]
[EventDate "2008.06.07"]
[EventType "swiss"]
[EventRounds "9"]
[EventCountry "GER"]
[SourceTitle "EXT 2022"]
[Source "ChessBase"]
[SourceDate "2021.10.06"]
[SourceVersion "1"]
[SourceVersionDate "2021.10.06"]
[SourceQuality "1"]

1. e4 e5 2. Nf3 Nc6 3. Bc4 h6 4. Nc3 a6 5. d4 exd4 6. Nxd4 Bb4 7. 0-0 Bxc3 8. bxc3 Nf6 9. Nxc6 bxc6 10. e5 Nh7 11. Ba3 Ng5 12. f4 Ne6 13. Bxe6 dxe6 14. Qg4 g6 15. Rad1 Bd7 16. Rd3 h5 17. Qg3 h4 18. Qg4 h3 19. g3 Qb8 20. Rfd1 Qb6+ 21. Kf1 Rd8 22. Qg5 c5 23. Qf6 Rg8 24. g4 Qb7 25. Bxc5 Qh1+ 26. Ke2 Qxh2+ 27. Ke3 Qg3+ 28. Kd2 1-0

[Event "Bayern-ch Seniors 20th"]
[Site "Bergen"]
[Date "2008.06.11"]
[Round "5.24"]
[White "Purwin, Heinz"]
[Black "Gerdes, Hans"]
[Result "0-1"]
[WhiteElo "1541"]
[BlackElo "1744"]
[PlyCount "119"]
[EventDate "2008.06.07"]
[EventType "swiss"]
[EventRounds "9"]
[EventCountry "GER"]
[SourceTitle "EXT 2022"]
[Source "ChessBase"]
[SourceDate "2021.10.06"]
[SourceVersion "1"]
[SourceVersionDate "2021.10.06"]
[SourceQuality "1"]

1. e4 e6 2. d4 d5 3. Nd2 dxe4 4. Nxe4 f5 5. Ng3 Nf6 6. Bf4 c5 7. Nf3 Nc6 8. c3 cxd4 9. Nxd4 Nxd4 10. Qxd4 Qxd4 11. cxd4 Bb4+ 12. Kd1 Bd7 13. Bd3 Bc6 14. f3 Nd5 15. Bd2 Bd6 16. Re1 Kf7 17. Nf1 Rhe8 18. g3 Rad8 19. f4 Bc7 20. Bc3 Bb6 21. Nd2 Nf6 22. Nb3 Ng4 23. Re2 Bf3 24. Kd2 Bxe2 25. Kxe2 Nxh2 26. Rh1 Ng4 27. Rxh7 Rh8 28. Rxh8 Rxh8 29. Nd2 Rh2+ 30. Ke1 Ne3 31. a3 Bc7 32. Nf1 Rh1 33. Kf2 Ng4+ 34. Kg2 Rh8 35. Be2 Nf6 36. Bf3 b6 37. Nd2 Rg8 38. Nc4 g5 39. Ne5+ Bxe5 40. dxe5 Nd5 41. Bxd5 exd5 42. Kf3 g4+ 43. Kf2 Ke6 44. Bb4 d4 45. Bd6 Kd5 46. b4 Rc8 47. a4 d3 48. Ke3 Kc4 49. Kd2 Kd4 50. e6 Kd5 51. Be5 Kxe6 52. Kxd3 Kd5 53. Bc3 Re8 54. Bd2 a6 55. Bc3 Re7 56. Bd2 Rh7 57. a5 b5 58. Bc3 Rh2 59. Be1 Rg2 60. Bd2 0-1

[Event "Bayern-ch Seniors 18th"]
[Site "Schloss Schney"]
[Date "2006.06.26"]
[Round "2"]
[White "Gerdes, Hans"]
[Black "Antusch, Ingrid"]
[Result "1-0"]
[WhiteElo "1692"]
[BlackElo "1376"]
[PlyCount "137"]
[EventDate "2006.06.25"]
[EventType "swiss"]
[EventRounds "9"]
[EventCountry "GER"]
[SourceTitle "EXT 2007"]
[Source "ChessBase"]
[SourceDate "2006.11.23"]
[SourceVersion "1"]
[SourceVersionDate "2006.11.23"]
[SourceQuality "1"]

1. e4 d5 2. e5 c5 3. f4 Bf5 4. Nf3 e6 5. d4 Nc6 6. c3 Qb6 7. Bd3 Nge7 8. dxc5 Qxc5 9. Qe2 Bxd3 10. Qxd3 Nf5 11. g4 Nh6 12. Be3 Qa5 13. h3 Be7 14. Nbd2 a6 15. 0-0 Bc5 16. b4 Bxe3+ 17. Qxe3 Qd8 18. a4 0-0 19. Nb3 Rb8 20. a5 Ne7 21. Nc5 Ng6 22. Nd4 Re8 23. g5 Nf5 24. Nxf5 exf5 25. Qd3 Nxf4 26. Qxf5 Nxh3+ 27. Qxh3 Qxg5+ 28. Qg2 Qe3+ 29. Qf2 Qg5+ 30. Kh1 Qh5+ 31. Qh2 Rxe5 32. Nd7 Qxh2+ 33. Kxh2 Rh5+ 34. Kg3 Rc8 35. Rae1 Rg5+ 36. Kf4 h6 37. Nc5 g6 38. Re5 Rxe5 39. Kxe5 Kg7 40. Kxd5 Rd8+ 41. Ke4 Re8+ 42. Kd5 Rd8+ 43. Ke5 Re8+ 44. Kd6 Re3 45. Rc1 h5 46. Nxb7 h4 47. Nc5 h3 48. Nxa6 g5 49. Nc5 h2 50. a6 g4 51. a7 Re8 52. Ne4 f5 53. b5 fxe4 54. b6 g3 55. b7 g2 56. b8Q Rxb8 57. axb8Q h1Q 58. Qb7+ Kh6 59. Qb1 Qh2+ 60. Kc5 Qe5+ 61. Kc4 Qf4 62. Kb3 e3 63. Rg1 Qf2 64. Qe1 Qf3 65. Qh4+ Kg6 66. Qh2 e2 67. Qxg2+ Qxg2 68. Rxg2+ Kf5 69. Rxe2 1-0

[Event "Bayern-ch Seniors 17th"]
[Site "Schloss Schney"]
[Date "2005.06.16"]
[Round "7"]
[White "Gelzinnus, Siegfried"]
[Black "Gerdes, Hans"]
[Result "0-1"]
[WhiteElo "1576"]
[BlackElo "1700"]
[PlyCount "86"]
[EventDate "2005.06.10"]
[EventType "swiss"]
[EventRounds "9"]
[EventCountry "GER"]
[SourceTitle "EXT 2006"]
[Source "ChessBase"]
[SourceDate "2005.11.24"]
[SourceVersion "1"]
[SourceVersionDate "2005.11.24"]
[SourceQuality "1"]

1. c3 f5 2. d4 d5 3. Bf4 Nf6 4. Nd2 g6 5. e3 Bg7 6. Ngf3 0-0 7. Be2 Ne4 8. Qb3 e6 9. Nxe4 fxe4 10. Nd2 Nd7 11. f3 exf3 12. Nxf3 Nf6 13. Bg5 c6 14. 0-0-0 a5 15. Ne5 Qc7 16. Bf4 Qe7 17. Bf3 a4 18. Qc2 Nd7 19. Nd3 b5 20. h4 e5 21. Bg5 Qe6 22. dxe5 Nxe5 23. Bf4 a3 24. b3 Nxd3+ 25. Rxd3 h6 26. g4 g5 27. Bxd5 cxd5 28. hxg5 hxg5 29. Bxg5 Qxg4 30. Rxd5 Bf5 31. Rxf5 Qxf5 32. Qg2 Rac8 33. c4 bxc4 34. b4 Bb2+ 35. Kd1 Qd3+ 36. Qd2 Qxd2+ 37. Kxd2 c3+ 38. Kc2 Rf2+ 39. Kb3 c2 40. e4 c1Q 41. Bxc1 Bxc1 42. b5 Rb2+ 43. Ka4 Ra8# 0-1

[Event "Bayern-ch Seniors 16th"]
[Site "Schloss Schney"]
[Date "2004.06.12"]
[Round "7"]
[White "Gerdes, Hans"]
[Black "Straesser, Gerda"]
[Result "1-0"]
[WhiteElo "1746"]
[BlackElo "1511"]
[PlyCount "97"]
[EventDate "2004.06.06"]
[EventType "swiss"]
[EventRounds "9"]
[EventCountry "GER"]
[SourceTitle "EXT 2006"]
[Source "ChessBase"]
[SourceDate "2005.11.24"]
[SourceVersion "1"]
[SourceVersionDate "2005.11.24"]
[SourceQuality "1"]

1. e4 e6 2. d4 d5 3. e5 c5 4. c3 Nc6 5. f4 Qb6 6. Nf3 Bd7 7. Be2 cxd4 8. cxd4 Bb4+ 9. Nc3 Nh6 10. a3 Be7 11. Na4 Qc7 12. 0-0 0-0 13. b4 a6 14. Bd3 f6 15. Be3 f5 16. Rc1 Rac8 17. h3 Nf7 18. Qb3 b5 19. Nc5 Qa7 20. a4 bxa4 21. Qxa4 Nb8 22. Qa3 Rfd8 23. Ra1 Qb6 24. Rfb1 Rc7 25. Qa5 Bxc5 26. bxc5 Qxa5 27. Rxa5 Ra7 28. Rb6 Nc6 29. Ra3 h6 30. Bd2 a5 31. Bb5 Rc8 32. Ba4 Ncd8 33. Rab3 Kf8 34. Kf2 Raa8 35. Ke3 Ke7 36. Ng1 Rab8 37. Ne2 Rxb6 38. Rxb6 Ke8 39. Nc3 Rb8 40. Nb5 Rxb6 41. Nd6+ Ke7 42. cxb6 Nb7 43. Bxd7 Kxd7 44. Bxa5 Kc6 45. Nc8 g6 46. Ne7+ Kd7 47. Nxg6 Nbd8 48. g4 Nb7 49. Kf3 1-0

[Event "Bayern-ch Seniors 16th"]
[Site "Schloss Schney"]
[Date "2004.06.09"]
[Round "4"]
[White "Gerdes, Hans"]
[Black "Gudat, Alfons"]
[Result "0-1"]
[WhiteElo "1746"]
[BlackElo "1939"]
[PlyCount "116"]
[EventDate "2004.06.06"]
[EventType "swiss"]
[EventRounds "9"]
[EventCountry "GER"]
[SourceTitle "EXT 2006"]
[Source "ChessBase"]
[SourceDate "2005.11.24"]
[SourceVersion "1"]
[SourceVersionDate "2005.11.24"]
[SourceQuality "1"]

1. e4 c5 2. Nc3 Nc6 3. f4 g6 4. Nf3 Bg7 5. g3 e6 6. Bg2 Nge7 7. d3 d6 8. 0-0 0-0 9. Be3 b6 10. Rb1 d5 11. exd5 exd5 12. Bd2 d4 13. Ne4 Be6 14. Nfg5 Bxa2 15. Ra1 Bd5 16. g4 h6 17. Nf3 f5 18. gxf5 Nxf5 19. c3 a5 20. c4 Bf7 21. Nf2 Rc8 22. Ng4 Re8 23. Re1 Rxe1+ 24. Qxe1 Ne3 25. Bxe3 dxe3 26. Qxe3 Nd4 27. Rb1 Nxf3+ 28. Qxf3 Qd4+ 29. Kh1 Rd8 30. Bf1 Be6 31. h3 h5 32. Nf2 Rf8 33. Qe4 Qxe4+ 34. Nxe4 Rxf4 35. b3 Bf5 36. Bg2 Rh4 37. Ng5 Bf6 38. Nf3 Rf4 39. Kh2 Bxd3 40. Re1 Re4 41. Rd1 Re3 42. Ne1 Bf5 43. Nf3 Rxb3 44. Rd6 Kg7 45. Rc6 Rb2 46. Rc7+ Kh6 47. Kh1 Rb1+ 48. Kh2 Rb4 49. Rb7 a4 50. Rf7 Bg7 51. h4 Rxc4 52. Kg3 Rg4+ 53. Kf2 Bd4+ 54. Nxd4 Rxd4 55. Kg3 Rg4+ 56. Kf2 Rxh4 57. Rb7 Rb4 58. Bd5 b5 0-1

[Event "Bayern-ch Seniors 16th"]
[Site "Schloss Schney"]
[Date "2004.06.07"]
[Round "2"]
[White "Petzold, Hans"]
[Black "Gerdes, Hans"]
[Result "1-0"]
[WhiteElo "2041"]
[BlackElo "1746"]
[PlyCount "57"]
[EventDate "2004.06.06"]
[EventType "swiss"]
[EventRounds "9"]
[EventCountry "GER"]
[SourceTitle "EXT 2006"]
[Source "ChessBase"]
[SourceDate "2005.11.24"]
[SourceVersion "1"]
[SourceVersionDate "2005.11.24"]
[SourceQuality "1"]

1. e4 e6 2. d4 d5 3. Nc3 Bb4 4. Bd2 Bxc3 5. bxc3 dxe4 6. Qg4 f5 7. Qxg7 Qf6 8. Qxc7 Ne7 9. h4 0-0 10. Bg5 Nd5 11. Qg3 Qg6 12. Ne2 Kh8 13. c4 Nb4 14. Qc3 N4a6 15. Nf4 Qf7 16. Bh6 Re8 17. Be2 Qf6 18. Bg5 Qg7 19. Nh5 Qg6 20. Rh3 f4 21. Nxf4 Qf5 22. Rg3 Nd7 23. Bg4 Qf7 24. Bh5 Qf8 25. Bxe8 Qxe8 26. d5+ e5 27. Ne6 Qf7 28. Bh6 Qf5 29. Rg5 1-0

[Event "Bayern-ch Seniors 16th"]
[Site "Schloss Schney"]
[Date "2004.06.06"]
[Round "1"]
[White "Gerdes, Hans"]
[Black "Ludwig, Ines"]
[Result "1-0"]
[WhiteElo "1746"]
[BlackElo "1451"]
[PlyCount "45"]
[EventDate "2004.06.06"]
[EventType "swiss"]
[EventRounds "9"]
[EventCountry "GER"]
[SourceTitle "EXT 2006"]
[Source "ChessBase"]
[SourceDate "2005.11.24"]
[SourceVersion "1"]
[SourceVersionDate "2005.11.24"]
[SourceQuality "1"]

1. e4 c5 2. Nc3 d6 3. f4 e6 4. Nf3 Nc6 5. Be2 Nf6 6. d4 cxd4 7. Nxd4 a6 8. Be3 Be7 9. Qd2 b5 10. Nxc6 Qd7 11. Nxe7 Qxe7 12. a3 0-0 13. 0-0 Bb7 14. Bf3 Rfd8 15. Rad1 Ne8 16. Qf2 Rac8 17. Rd2 Nc7 18. Bb6 Rd7 19. Rfd1 f5 20. exf5 Bxf3 21. Qxf3 exf5 22. Bxc7 Rcxc7 23. Nd5 1-0

[Event "Bayern-ch Seniors 15th"]
[Site "Schloss Schney"]
[Date "2003.06.21"]
[Round "9.17"]
[White "Gerdes, Hans"]
[Black "Fritsch, Wolfgang"]
[Result "1-0"]
[WhiteElo "1770"]
[BlackElo "1733"]
[PlyCount "53"]
[EventDate "2003.06.13"]
[EventType "swiss"]
[EventRounds "9"]
[EventCountry "GER"]
[SourceTitle "EXT 2004"]
[Source "ChessBase"]
[SourceDate "2003.11.25"]
[SourceVersion "1"]
[SourceVersionDate "2003.11.25"]
[SourceQuality "1"]

1. e4 e5 2. Nc3 Nc6 3. g3 Nf6 4. Bg2 d6 5. Nge2 Be7 6. 0-0 Bg4 7. h3 Be6 8. f4 exf4 9. Nxf4 Qd7 10. d3 0-0-0 11. Be3 h6 12. d4 Bc4 13. Rf2 g5 14. Nfd5 Qe6 15. Nxf6 Bxf6 16. d5 Bxd5 17. Qxd5 Be5 18. g4 Nd4 19. Rd1 Nc6 20. Rxf7 Qg6 21. Rdf1 Rde8 22. Nb5 Ne7 23. Qc4 c5 24. Nxa7+ Kb8 25. Qa4 Nc8 26. Nxc8 Rxc8 27. Qd7 1-0

[Event "Bayern-ch Seniors 15th"]
[Site "Schloss Schney"]
[Date "2003.06.20"]
[Round "8.22"]
[White "Karol, Wolfgang"]
[Black "Gerdes, Hans"]
[Result "0-1"]
[WhiteElo "1513"]
[BlackElo "1770"]
[PlyCount "108"]
[EventDate "2003.06.13"]
[EventType "swiss"]
[EventRounds "9"]
[EventCountry "GER"]
[SourceTitle "EXT 2004"]
[Source "ChessBase"]
[SourceDate "2003.11.25"]
[SourceVersion "1"]
[SourceVersionDate "2003.11.25"]
[SourceQuality "1"]

1. d4 d5 2. Nc3 e6 3. e4 c6 4. e5 f5 5. Be3 Be7 6. Qd2 a5 7. Be2 g6 8. Bh6 Nxh6 9. Qxh6 Kf7 10. Nf3 Bf8 11. Qd2 b5 12. g4 b4 13. Ng5+ Ke8 14. Na4 Be7 15. f4 h6 16. Nh3 Ba6 17. gxf5 gxf5 18. Bh5+ Kd7 19. Rg1 Bb5 20. Nc5+ Bxc5 21. dxc5 Qh4+ 22. Qf2 Qxh5 23. Rg7+ Kc8 24. Qg2 Rd8 25. Ng1 Nd7 26. Rd1 Qh4+ 27. Qg3 Qxg3+ 28. hxg3 Nxc5 29. Nf3 Rd7 30. Rg6 Rh7 31. Nd4 Kd7 32. Kd2 Rah8 33. Rg1 h5 34. Ke3 Rh6 35. Rg7+ Kd8 36. Ra7 a4 37. Nxb5 cxb5 38. Kd4 Ne4 39. Rb7 Kc8 40. Rg7 R8h7 41. Rg8+ Kd7 42. Ra8 Kc6 43. Rg8 Nd2 44. Rg2 Nc4 45. b3 Nb6 46. c3 bxc3 47. Rc2 b4 48. bxa4 Nxa4 49. Ra8 Nb6 50. Rg8 Ra7 51. Kd3 h4 52. gxh4 Rxh4 53. Rg6 Re7 54. a3 bxa3 0-1

[Event "Bayern-ch Seniors 15th"]
[Site "Schloss Schney"]
[Date "2003.06.15"]
[Round "3.16"]
[White "Peiberg, Ehrhard"]
[Black "Gerdes, Hans"]
[Result "1-0"]
[WhiteElo "1658"]
[BlackElo "1770"]
[PlyCount "103"]
[EventDate "2003.06.13"]
[EventType "swiss"]
[EventRounds "9"]
[EventCountry "GER"]
[SourceTitle "EXT 2004"]
[Source "ChessBase"]
[SourceDate "2003.11.25"]
[SourceVersion "1"]
[SourceVersionDate "2003.11.25"]
[SourceQuality "1"]

1. d4 d5 2. c4 e6 3. Nc3 c6 4. e3 f5 5. cxd5 exd5 6. Bd3 Nf6 7. Qc2 g6 8. Nf3 Bd6 9. h3 a5 10. a4 0-0 11. 0-0 Ne4 12. Ne2 Na6 13. Bxa6 Rxa6 14. Bd2 Qe7 15. Bc3 Ra8 16. Rfe1 g5 17. Ne5 Bxe5 18. dxe5 Re8 19. f4 g4 20. Kh2 Qh4 21. Rf1 Re6 22. Be1 Qe7 23. Ng3 Rh6 24. Nxe4 dxe4 25. Rd1 Be6 26. Rd6 Rh5 27. b4 axb4 28. Bxb4 Qf7 29. a5 Bd5 30. Qb2 Re8 31. Rf6 Qg7 32. Bd6 Bc4 33. Rc1 gxh3 34. gxh3 Qg4 35. Qg2 Qxg2+ 36. Kxg2 Be2 37. Kh2 Bg4 38. e6 Rxh3+ 39. Kg2 Rxe3 40. e7 Bh5 41. Rf8+ Kg7 42. Rg1 Rd3 43. Kh2+ Kh6 44. Bc5 Rd5 45. Bb4 c5 46. Rxe8 Bxe8 47. Bc3 Rd3 48. Bg7+ Kh5 49. Rg5+ Kh4 50. Bf6 Rd2+ 51. Rg2+ Kh5 52. Rxd2 1-0

[Event "Bayern-ch Seniors 14th"]
[Site "Schloss Schney"]
[Date "2002.06.06"]
[Round "7"]
[White "Scheuerlein, Gerhard"]
[Black "Gerdes, Hans"]
[Result "0-1"]
[WhiteElo "1700"]
[BlackElo "1762"]
[PlyCount "106"]
[EventDate "2002.05.31"]
[EventType "swiss"]
[EventRounds "9"]
[EventCountry "GER"]
[SourceTitle "EXT 2003"]
[Source "ChessBase"]
[SourceDate "2002.11.25"]
[SourceVersion "1"]
[SourceVersionDate "2002.11.25"]
[SourceQuality "1"]

1. Nf3 f5 2. c4 Nf6 3. d4 g6 4. g3 Bg7 5. Bg2 0-0 6. 0-0 d6 7. Bg5 Nbd7 8. Nc3 h6 9. Bf4 g5 10. Be3 e5 11. dxe5 dxe5 12. Qc2 Ng4 13. Bd2 e4 14. Ne1 Nde5 15. Rd1 Bd7 16. h3 Nf6 17. f4 exf3 18. exf3 Qe7 19. b3 Nc6 20. Qd3 Rad8 21. Nc2 Bc8 22. Qe3 Qf7 23. f4 g4 24. Bc1 gxh3 25. Bxh3 Ng4 26. Bxg4 fxg4 27. Rxd8 Rxd8 28. Nd5 Bf5 29. Qe2 Re8 30. Qd2 Bxc2 31. Qxc2 Nd4 32. Qd1 Nf3+ 33. Kg2 Qh5 34. Rh1 Qf7 35. Rf1 Re4 36. Rf2 Bd4 37. Re2 Qh5 38. Nf6+ Bxf6 39. Rxe4 Qh2+ 40. Kf1 Qg1+ 41. Ke2 Qg2+ 42. Ke3 Qxg3 43. Re8+ Kg7 44. Qd7+ Kg6 45. Rg8+ Kh5 46. Qf5+ Ng5+ 47. Ke2 Qf3+ 48. Ke1 Bc3+ 49. Bd2 Qe3+ 50. Kf1 Qf3+ 51. Ke1 Qh1+ 52. Ke2 Qg2+ 53. Kd1 Qxd2# 0-1

[Event "Bayern-ch Seniors 14th"]
[Site "Schloss Schney"]
[Date "2002.06.03"]
[Round "4"]
[White "Jeske, Guenter"]
[Black "Gerdes, Hans"]
[Result "0-1"]
[WhiteElo "1625"]
[BlackElo "1762"]
[PlyCount "92"]
[EventDate "2002.05.31"]
[EventType "swiss"]
[EventRounds "9"]
[EventCountry "GER"]
[SourceTitle "EXT 2003"]
[Source "ChessBase"]
[SourceDate "2002.11.25"]
[SourceVersion "1"]
[SourceVersionDate "2002.11.25"]
[SourceQuality "1"]

1. c4 e5 2. Nc3 f5 3. g3 Nf6 4. Bg2 d6 5. e3 c6 6. Nge2 Be6 7. d3 Na6 8. a3 Be7 9. b4 Qd7 10. f4 0-0 11. 0-0 Rfd8 12. Bb2 Rac8 13. Rc1 Ng4 14. Qd2 Bf6 15. h3 Nh6 16. e4 fxe4 17. Nxe4 Bxh3 18. Nxf6+ gxf6 19. fxe5 Bxg2 20. Kxg2 Ng4 21. exf6 Kf7 22. Qg5 Rg8 23. Qh5+ Kf8 24. Rf3 Qf7 25. Rh1 h6 26. Rh4 Re8 27. Qxf7+ Kxf7 28. Ng1 Re6 29. Kh3 Re1 30. Rxg4 Rxg4 31. Kxg4 Rxg1 32. Rf2 Nc7 33. Re2 Ne6 34. Rf2 Re1 35. Kh3 Rd1 36. Rf3 Ng5+ 37. Kg4 Nxf3 38. Kxf3 Rxd3+ 39. Kg4 Rb3 40. Bc1 Kxf6 41. Bxh6 Rxa3 42. Bf8 Rd3 43. b5 Kf7 44. Bh6 Rd4+ 45. Kf3 Rxc4 46. Bf4 d5 0-1

[Event "Bayern-ch Seniors 14th"]
[Site "Schloss Schney"]
[Date "2002.05.31"]
[Round "1"]
[White "Gerdes, Hans"]
[Black "Klose, Hans Peter"]
[Result "1-0"]
[WhiteElo "1762"]
[BlackElo "1477"]
[PlyCount "71"]
[EventDate "2002.05.31"]
[EventType "swiss"]
[EventRounds "9"]
[EventCountry "GER"]
[SourceTitle "EXT 2003"]
[Source "ChessBase"]
[SourceDate "2002.11.25"]
[SourceVersion "1"]
[SourceVersionDate "2002.11.25"]
[SourceQuality "1"]

1. e4 c5 2. Nc3 d6 3. d3 Nf6 4. Be2 e6 5. f4 Be7 6. Nf3 0-0 7. 0-0 Nc6 8. h3 Nd4 9. Be3 Nxe2+ 10. Qxe2 b6 11. g4 Bb7 12. Rad1 Ba6 13. Qg2 Qc7 14. f5 Kh8 15. g5 Nh5 16. Qg4 g6 17. f6 Bd8 18. Rf2 Bc8 19. Qh4 Bb7 20. d4 d5 21. dxc5 Qg3+ 22. Qxg3 Nxg3 23. exd5 exd5 24. Nxd5 Ne4 25. Re2 Nxc5 26. Bxc5 bxc5 27. c4 Bb6 28. Re7 Bxd5 29. Rxd5 Rad8 30. Ne5 Rxd5 31. cxd5 c4+ 32. Kg2 Bc5 33. d6 Kg8 34. d7 Bb6 35. Re8 Bd8 36. Nc6 1-0